| 000 -ლიდერი |
| ფიქსირებული სიგრძის საკონტროლო ველი |
01418nam a2200253Ia 4500 |
| 001 - საკონტროლო ნომერი |
| საკონტროლო ველი |
10441 |
| 003 - საკონტროლო ნომრის იდენტიფიკატორი |
| საკონტროლო ველი |
GE_BSU |
| 005 - ბოლო ოპერაციის თარიღი და დრო |
| საკონტროლო ველი |
20240613123241.0 |
| 008 - ფიქსირებული სიგრძის მონაცემთა ელემენტები - ზოგადი ინფორმაცია |
| ფიქსირებული სიგრძის საკონტროლო ველი |
181216s2013||||ge |||||||||||||| ||geo|| |
| 020 ## - წიგნის საერთაშორისო სტანდარტული ნომერი |
| International Standard Book Number |
9789941062520 |
| 040 ## - კატალოგიზაციის წყარო |
| Transcribing agency |
GE_BSU |
| 041 ## - ენის კოდი |
| Language code of text/sound track or separate title |
geo |
| 080 ## - უნივერსალური ათობითი კლასიფიკაციის ინდექსი |
| Universal Decimal Classification number |
821.133.1-1 ფ–87 |
| 245 ## - ცნობა სათაურის შესახებ |
| Title |
ფრანგული პოეზიის ათასწლეული = Le Millenaire de la Poesie Francaise / |
| Statement of responsibility, etc |
ფრანგ. თარგმნა ბადრი თევზაძემ ; რედ. როსტომ ჩხეიძე ; ალექსანდრე ორბელიანის საზ-ბა. |
| 264 ## - წარმოების, გამოცემის, დისტრიბუციის და სხვა ცნობები |
| გამოცემის, წარმოების, დისტრიბუციის... ადგილი |
თბილისი : |
| გამოცემის, წარმოების, დისტრიბუციის... სახელწოდება |
ჩვენი მწერლობა, |
| გამოცემის, წარმოების, დისტრიბუციის... თარიღი |
2013. |
| 300 ## - ფიზიკური აღწერა |
| Other physical details |
332 გვ. ; |
| Accompanying material |
18 სმ. |
| 500 ## - ზოგადი შენიშვნა |
| General note |
გარეკანზე : ჟან-ონორე ფრაგონარის ნახატი "საქანელა"
|
| 500 ## - ზოგადი შენიშვნა |
| General note |
კომენტარები : გვ. 310-313 |
| 500 ## - ზოგადი შენიშვნა |
| General note |
თავფურ., ყდა ქართულ და ფრანგულ ენებზე |
| 653 ## - INDEX TERM--UNCONTROLLED |
| Uncontrolled term |
ფრანგული პოეზიის ათასწლეული |
| 700 ## - ADDED ENTRY--PERSONAL NAME |
| Personal name |
რუდელი, ჟოფრე |
| Relator term |
ავტორი |
| 9 (RLIN) |
22420 |
| 710 ## - ADDED ENTRY--CORPORATE NAME |
| Corporate name or jurisdiction name as entry element |
ალექსანდრე ორბელიანის საზოგადოება |
| 9 (RLIN) |
22421 |
| 942 ## - ADDED ENTRY ELEMENTS (KOHA) |
| Koha item type |
წიგნი |
| Source of classification or shelving scheme |
|